Pilbeam's Mechanical Ventilation;Physiological and Clinical Application (Record no. 2081)
[ view plain ]
| 000 -LEADER | |
|---|---|
| fixed length control field | 00387nam a22001457a 4500 |
| 008 - FIXED-LENGTH DATA ELEMENTS--GENERAL INFORMATION | |
| fixed length control field | 250304b |||||||| |||| 00| 0 eng d |
| 020 ## - INTERNATIONAL STANDARD BOOK NUMBER | |
| ISBN | 9780323551274 |
| 100 ## - MAIN ENTRY--AUTHOR | |
| Author | Cairo J.M |
| 245 ## - TITLE STATEMENT | |
| Title | Pilbeam's Mechanical Ventilation;Physiological and Clinical Application |
| 250 ## - EDITION STATEMENT | |
| Edition statement | 7th |
| 260 ## - PUBLICATION, DISTRIBUTION, ETC. (IMPRINT) | |
| Place of publication | Missouri |
| Name of publisher | Elsevier |
| Date of publication | 2016 |
| 300 ## - COLLATION | |
| Pagination | xvii,555p |
| 942 ## - ADDED ENTRY ELEMENTS (KOHA) | |
| Item type | Books |
| 050 ## - LIBRARY OF CONGRESS CALL NUMBER | |
| Classification number | RC735.I5 |
| Item number | .P55 |
| Source of classification or shelving scheme | Not for loan | Permanent location | Current location | Date acquired | Accession No. | Full call number | Barcode. | Koha item type |
|---|---|---|---|---|---|---|---|---|
| Library of Congress Classification | Samuel Ogbemudia Main Library, University of Abuja | Samuel Ogbemudia Main Library, University of Abuja | 03/04/2025 | 2024/64060 | RC735.I5.P55 | 2025-0254 | Books | |
| Library of Congress Classification | Samuel Ogbemudia Main Library, University of Abuja | Samuel Ogbemudia Main Library, University of Abuja | 03/04/2025 | 2024/64060 | RC735.I5.P55 | 2025-0255 | Books |